| 000 | 00819nmc a2200313 a 4500 | ||
|---|---|---|---|
| 003 | AR-BaBNM | ||
| 005 | 20251128204352.0 | ||
| 008 | 285019s1987 ||||||||||||||000 | spa|| | ||
| 020 | _a84-7509-457-0 | ||
| 040 | _cAR-BaBNM | ||
| 100 | 1 | _aStefani, Gino | |
| 245 | 1 | 0 | _aComprender la música |
| 260 |
_aBuenos Aires _bPaidós _c1987 |
||
| 300 | 0 | _a139 p. | |
| 490 | 0 |
_aInstrumentos Paidós _vv. 3 |
|
| 500 | 0 | _aTraducción de Rosa Premat | |
| 500 | 0 | _aSupervisión de Agustí Fancelli | |
| 650 | 4 | _aEDUCACION MUSICAL | |
| 650 | 4 | _aEXPRESION ARTISTICA | |
| 650 | 4 | _aCANTO | |
| 650 | 4 | _aINTERPRETACIONES MUSICALES | |
| 650 | 4 | _aJUEGOS EDUCATIVOS | |
| 650 | 4 | _aCOMPOSICION MUSICAL | |
| 650 | 4 | _aRITMO | |
| 653 | 0 | _aMUSICOTERAPIA | |
| 800 | 1 |
_aEco, Umberto _edirector |
|
| 942 | _cBK | ||
| 998 | _cCarmen | ||
| 999 |
_c7187 _d7187 |
||